[Event "Dhaka Walton op 07"]
[Site "Dhaka"]
[Date "2018.07.07"]
[Round "4"]
[White "Md Masum, Haider"]
[Black "Bappi, Ab"]
[Result "1-0"]
[WhiteElo "1605"]
[BlackElo "1826"]
[PlyCount "75"]
[EventDate "2018.07.04"]
[EventType "swiss"]
[EventRounds "9"]
[EventCountry "BAN"]
[SourceTitle "EXT 2019"]
[Source "ChessBase"]
[SourceDate "2018.10.10"]
[SourceVersion "1"]
[SourceVersionDate "2018.10.10"]
[SourceQuality "1"]

1. e4 c5 2. Nf3 g6 3. Bc4 Bg7 4. 0-0 e6 5. Re1 Ne7 6. c3 0-0 7. d4 cxd4 8. Nxd4 Nec6 9. Nf3 Qc7 10. Bb3 b5 11. a3 Na5 12. Ba2 Bb7 13. Nbd2 Nbc6 14. Nf1 Nc4 15. Bxc4 bxc4 16. Ng3 Na5 17. Rb1 d5 18. e5 Rab8 19. Qe2 Bc6 20. h4 Nb3 21. Bf4 Nc5 22. Qe3 Nd3 23. Bh6 Nxe1 24. Rxe1 Rxb2 25. Bxg7 Kxg7 26. Qg5 Qd8 27. Nh5+ Kh8 28. Nf6 Rg8 29. Qh6 Rg7 30. Ng5 Qb6 31. Rf1 Rb1 32. Ngxh7 Rxf1+ 33. Kh2 Rh1+ 34. Kxh1 Qb1+ 35. Kh2 g5 36. Nxg5+ Qh7 37. Ngxh7 d4 38. Ng5+ 1-0